000
00333 a2200145 4500
001
156331
040
_c
Escola São Tomás de Aquino
100
_a
MACHADO, Ana Maria
240
1
0
_a
Um avião e uma viola
_l
por
245
1
0
_a
Um avião e uma viola
300
_a
34
362
0
_a
1996
697
_a
*LITERATURA INFANTIL
942
_c
BK
999
_c
156331
_d
156331